banner-ar

الفن المصرى الحديث : (Record no. 60488)

MARC details
000 -الفاتح
حقل البيانات ثابتة الطول 01517nam a2200373 4500
005 - وقت وتاريخ اخر تعامل مع التسجيلة
رقم الضبط 20240530110412.0
008 - عناصر البيانات ثابتة الطول - معلومات عامة
حقل البيانات ثابتة الطول 150222s2010 ua c f b 000 0cara d
017 ## - رقم الايداع القانونى
رقم الايداع القانونى 19299/2010
المصدر ( الهيئة المختصة) مصر . دار الكتب المصرية
020 ## - الرقم الدولى المعيارى للكتب
الرقم الدولى المعيارى للكتاب 9771441051
040 ## - مصدر الفهرسة
وكالة الفهرسة الأصلية EG-CaGPL
041 0# - رمز اللغة
رمز لغة النص/ المسارات الصوتية أو العنوان الانفرادي ara
082 04 - رقم تصنيف ديوى العشرى
رقم الطبعة 21
رقم التصنيف 709.04
رقم المادة ط/ع أ
100 0# - المدخل الرئيسى - إسم شخصى
الإسم الشخصى عدلى رزق الله
245 12 - بيان العنوان
العنوان الفن المصرى الحديث :
بقية العنوان 1900 - 1950
بيان المسئوليه,etc تاليف عدلى رزق الله ، تمر رزق الله ؛ اشراف داليا محمد ابراهيم
250 ## - بيان الطبعة
بيان الطبعة ط1
260 ## - PUBLICATION, DISTRIBUTION, ETC. (IMPRINT)
تاريخ النشر أو التوزيع 2010
300 ## - الوصف المادى
التعداد 79 ص :
تفاصيل ماديه اخرى للوعاء صور لو ؛
أبعاد الوعاء 20 سم
490 0# - بيان السلسلة
عنوان السلسلة اقرأ ا.. قرأ .. اقرأ وتعلم فى مكتبة عدلى رزق الله التشكيلية ؛
رقم المجلد/ التعيين التسلسلي 5
504 ## - تبصرة ببليوجرافية
تبصرة ببليوجرافية,الخ يشتمل على ارجاعات ببليوجرافية
600 04 - المدخل الاضافى بالموضوع-اسم شخصى
الإسم الشخصى محمد ناجى
600 04 - المدخل الاضافى بالموضوع-اسم شخصى
الإسم الشخصى راغب عياد
600 04 - المدخل الاضافى بالموضوع-اسم شخصى
الإسم الشخصى محمود سعيد
600 04 - المدخل الاضافى بالموضوع-اسم شخصى
الإسم الشخصى حامد عبدالله
600 04 - المدخل الاضافى بالموضوع-اسم شخصى
الإسم الشخصى رمسيس يونان
600 04 - المدخل الاضافى بالموضوع-اسم شخصى
الإسم الشخصى سمير رافع
600 04 - المدخل الاضافى بالموضوع-اسم شخصى
الإسم الشخصى حامد ندا
650 04 - المدخل الاضافى بالموضوع-مصطلح موضوعى
مصطلح موضوعي الفن
التقسيم الفرعي العام تاريخ ونقد
التقسيم الفرعي الزمني القرن العشرين ( 1900 - 1950 )
650 04 - المدخل الاضافى بالموضوع-مصطلح موضوعى
مصطلح موضوعي الفن المصرى
650 04 - المدخل الاضافى بالموضوع-مصطلح موضوعى
مصطلح موضوعي الفن
التقسيم الفرعي العام مدارس
700 0# - المدخل الاضافى - اسم شخصى
الإسم الشخصى تمر رزق الله
الدور مؤلف مشارك
700 0# - المدخل الاضافى - اسم شخصى
الإسم الشخصى داليا محمد ابراهيم
الدور مشرف
942 ## - عناصر المدخل الإضافي( كوها)
مصدر التصنيف او مخطط الترفيف Dewey Decimal Classification
Koha [default] item type كتاب
260 ## - PUBLICATION, DISTRIBUTION, ETC. (IMPRINT)
-- القاهرة :
-- نهضة مصر للطباعة والنشر والتوزيع ،
Holdings
حالة التراجع حالة الفقد حالة تلف ليس للاعارة المكان المؤقت الموقع الحالى تاريخ الاكتساب اجمالي اﻻعارات رقم الطلب الباركود تاريخ اخر مشاهدة تاريخ تفعيل السعر نوع وعاء كوها
        مكتبة القاهرة الكبرى مكتبة القاهرة الكبرى 02/22/2015   709.04 ط/ع أ 159548 02/22/2015 02/22/2015 كتاب

Powered By

EGPV